SARANGADHARA SAMHITA (Record no. 7706)

MARC details
000 -LEADER
fixed length control field 00248nam a2200109Ia 4500
082 ## - DEWEY DECIMAL CLASSIFICATION NUMBER
Classification number 615.538
Item number S 13 R
100 ## - MAIN ENTRY--PERSONAL NAME
Personal name RAO PRABHAKAR
245 ## - TITLE STATEMENT
Title SARANGADHARA SAMHITA
260 ## - PUBLICATION, DISTRIBUTION, ETC. (IMPRINT)
Name of publisher, distributor, etc CHAUKHAMBHA PUB. NEW DELHI
Year of Publication 2013
300 ## - PAGE DESCRIPTION
No. of Pages 393
942 ## - ADDED ENTRY ELEMENTS (KOHA)
Source of classification or shelving scheme Dewey Decimal Classification
Koha item type Books
942 ## - ADDED ENTRY ELEMENTS (KOHA)
-- 4
Holdings
Withdrawn status Lost status Source of classification or shelving scheme Damaged status Not for loan Collection code Home library Current library Date acquired Vendor Name Cost, normal purchase price SGTU Bill Number Total Checkouts Full call number Accession No. (Barcode) Date last seen Date last borrowed Bill Date Koha item type
    Dewey Decimal Classification     AYURVEDA SGT FA-FP Library SGT FA-FP Library 14/09/2015 CHAUKHAMBHA PUB. NEW DELHI 695.00 SGTU CP/B453 3 615.538 S 13 R FA201 19/02/2025 12/02/2025 27/09/2014 Books
    Dewey Decimal Classification     AYURVEDA SGT FA-FP Library SGT FA-FP Library 14/09/2015 CHAUKHAMBHA PUB. NEW DELHI 695.00 SGTU CP/B453 2 615.538 S 13 R FA202 13/08/2019 12/08/2019 27/09/2014 Books
    Dewey Decimal Classification     AYURVEDA SGT FA-FP Library SGT FA-FP Library 14/09/2015 CHAUKHAMBHA PUB. NEW DELHI 695.00 SGTU CP/B453 2 615.538 S 13 R FA203 22/02/2019 08/02/2019 27/09/2014 Books
    Dewey Decimal Classification     AYURVEDA SGT FA-FP Library SGT FA-FP Library 14/09/2015 CHAUKHAMBHA PUB. NEW DELHI 695.00 SGTU CP/B453   615.538 S 13 R FA204 14/09/2015   27/09/2014 Books
    Dewey Decimal Classification     AYURVEDA SGT FA-FP Library SGT FA-FP Library 14/09/2015 CHAUKHAMBHA PUB. NEW DELHI 695.00 SGTU CP/B453 5 615.538 S 13 R FA205 19/02/2025 12/02/2025 27/09/2014 Books